000 00330nam a2200133Ia 4500
008 240624s9999 xx 000 0 und d
041 _aeng
082 _a332.1 RED
100 _aREDDY Y R K
245 _aCORPORATE GOVERNANCE IN BANKING AND FINA
260 _c2000
_aNew Delhi
_bTata McGrawhill
300 _ax, : 319
365 _cRS
999 _c1016
_d1016